Ultimate Verb Table - Statistics

General Stats
  • This quiz has been taken 92 times
  • The average score is 41 of 80
Answer Stats
Verb Tense Answer % Correct
Past Ran
98%
Gerund/Present Participle Running
83%
Run 3rd Person Present Runs
81%
Past Participle Run
77%
Past Had
67%
Past Was/Were
67%
Past Did
66%
Do 3rd Person Present Does
66%
Past Found
66%
Past Participle Been
64%
Gerund/Present Participle Doing
64%
Have 3rd Person Present Has
64%
Gerund/Present Participle Having
64%
Past Said
64%
Gerund/Present Participle Being
63%
Be 3rd Person Present Is/Are/Am
63%
Past Participle Had
61%
Past Knew
61%
Past Drank
59%
Drink 3rd Person Present Drinks
59%
Gerund/Present Participle Finding
59%
Find 3rd Person Present Finds
59%
Past Participle Found
59%
Gerund/Present Participle Knowing
59%
Gerund/Present Participle Saying
59%
Say 3rd Person Present Says
59%
Gerund/Present Participle Drinking
58%
Past Participle Said
58%
Gerund/Present Participle Bringing
56%
Past Brought
56%
Know 3rd Person Present Knows
56%
Bring 3rd Person Present Brings
55%
Past Participle Drunk
53%
Past Participle Known
53%
Past Participle Brought
52%
Past Participle Done
52%
Freeze 3rd Person Present Freezes
50%
Gerund/Present Participle Freezing
50%
Past Froze
50%
Past Laid
50%
Lay 3rd Person Present Lays
48%
Past Began
47%
Gerund/Present Participle Beginning
47%
Past Participle Frozen
47%
Gerund/Present Participle Laying
47%
Lie (to recline) 3rd Person Present Lies
47%
Begin 3rd Person Present Begins
45%
Past Forgave
45%
Past Participle Laid
45%
Gerund/Present Participle Sewing
45%
Forgive 3rd Person Present Forgives
44%
Gerund/Present Participle Forgiving
44%
Past Sewed
44%
Sew 3rd Person Present Sews
44%
Past Swelled
44%
Gerund/Present Participle Swelling
44%
Past Participle Forgiven
42%
Swell 3rd Person Present Swells
42%
Past Participle Begun
41%
Gerund/Present Participle Lying
41%
Past Participle Sewed/Sewn
41%
Past Lay
39%
Speak 3rd Person Present Speaks
39%
Past Spoke
39%
Gerund/Present Participle Speaking
38%
Past Ate
36%
Gerund/Present Participle Breaking
36%
Past Broke
36%
Gerund/Present Participle Eating
36%
Past Flew
36%
Gerund/Present Participle Flying
36%
Past Participle Swollen
36%
Break 3rd Person Present Breaks
34%
Past Participle Broken
34%
Past Participle Eaten
34%
Eat 3rd Person Present Eats
34%
Fly 3rd Person Present Flies
33%
Past Participle Flown
33%
Past Participle Spoken
33%
Past Participle Lain
27%
No matching quizzes found
Score Distribution
Percent of People with Each Score
Percentile by Number Answered
Your Score History
You have not taken this quiz